Buddhist stupas in South Asia : (Record no. 29097)
[ view plain ]
| 000 -LEADER | |
|---|---|
| fixed length control field | 01261nam a22003014a 4500 |
| 005 - DATE AND TIME OF LATEST TRANSACTION | |
| control field | 20090811112650.0 |
| 008 - FIXED-LENGTH DATA ELEMENTS--GENERAL INFORMATION | |
| fixed length control field | 090319s2009 ii ab b 000 0 eng |
| 010 ## - LCCN (DPL NO) | |
| LC control number | ENG-94709 |
| 020 ## - INTERNATIONAL STANDARD BOOK NUMBER | |
| International Standard Book Number | 9780195698862 |
| Terms of availability | 895.00 |
| 020 ## - INTERNATIONAL STANDARD BOOK NUMBER | |
| International Standard Book Number | 019569886X |
| Terms of availability | 895.00 |
| 035 ## - SYSTEM CONTROL NUMBER | |
| System control number | EN-78242 |
| 037 ## - SOURCE OF ACQUISITION | |
| Stock number | DBAD / PUB |
| 040 ## - CATALOGING SOURCE | |
| Original cataloging agency | dpl |
| Language of cataloging | English |
| 082 ## - DEWEY DECIMAL CLASSIFICATION NUMBER | |
| Classification number | 726.1430954 |
| 245 ## - TITLE STATEMENT | |
| Title | Buddhist stupas in South Asia : |
| Remainder of title | recent archaeological, art-historical, and historical perspectives / |
| Statement of responsibility, etc | edited by Jason Hawkes (and) Akira Shimada |
| 260 ## - PUBLICATION, DISTRIBUTION, ETC. (IMPRINT) | |
| Place of publication, distribution, etc | New Delhi |
| Name of publisher, distributor, etc | Oxford University Press |
| Date of publication, distribution, etc | 2009 |
| 270 ## - ADDRESS | |
| Address | YMCA Library Building, Jai Singh Road, |
| City | New Delhi |
| Postal code | 110001 |
| 300 ## - PHYSICAL DESCRIPTION | |
| Extent | xlii, 346 p. : |
| Other physical details | ill., maps ; |
| Dimensions | 22cm(Hb) |
| 490 ## - SERIES STATEMENT | |
| Series statement | SOAS studies on South Asia |
| 500 ## - GENERAL NOTE | |
| General note | Includes bibliographical references |
| 650 ## - SUBJECT ADDED ENTRY--TOPICAL TERM | |
| Topical term or geographic name as entry element | Stūpas |
| Geographic subdivision | South Asia |
| General subdivision | History. |
| 650 ## - SUBJECT ADDED ENTRY--TOPICAL TERM | |
| Topical term or geographic name as entry element | Buddhist antiquities |
| Geographic subdivision | South Asia. |
| 650 ## - SUBJECT ADDED ENTRY--TOPICAL TERM | |
| Topical term or geographic name as entry element | Buddhist decoration and ornament |
| Geographic subdivision | South Asia. |
| 700 ## - ADDED ENTRY--PERSONAL NAME | |
| Personal name | Hawkes, Jason |
| 700 ## - ADDED ENTRY--PERSONAL NAME | |
| Personal name | Shimada, Akira |
| 942 ## - ADDED ENTRY ELEMENTS (KOHA) | |
| Source of classification or shelving scheme | Dewey Decimal Classification |
| Item type | English Books |
| Classification part | 726.1430954 |
| Call number suffix | BUD |
| Withdrawn status | Lost status | Source of classification or shelving scheme | Damaged status | Not for loan | Collection code | Home library | Current library | Date acquired | Source of acquisition | Cost, normal purchase price | Total Checkouts | Full call number | Barcode | Date last seen | Copy number | Cost, replacement price | Koha item type |
|---|---|---|---|---|---|---|---|---|---|---|---|---|---|---|---|---|---|
| Dewey Decimal Classification | Not For Loan | Non-fiction | D.B.Act.Division | D.B.Act.Division | 11/08/2009 | DBAD / PUB | 895.00 | 726.1430954 BUD | EN-78242 | 11/08/2009 | 1 | 895.00 | English Books |
